Okla Hannali : sobre el exterminio de las Naciones Indias /
R. A. Lafferty es un connotado escritor de ciencia ficción, ganador del premio Hugo en 1973. También desarrolla el género de la novela histórica, al que pertenece la presente obra. En ella se narra la vida y el viaje épico de Hannali Innominee, jefe Choctaw y las tribulaciones de su nación durante e...
Guardado en:
| Autor principal: | |
|---|---|
| Formato: | Libro |
| Idioma: | Español |
| Publicado: |
Madrid, España :
Valdemar,
1992
|
| Colección: | (Avatares ;
5) |
| Temas: | |
| Etiquetas: |
Sin etiquetas, Sé el primero en etiquetar este registro!
|
MARC
| LEADER | 00000nam^a2200000^a^4500 | ||
|---|---|---|---|
| 001 | 000042285 | ||
| 005 | 20250521000000.0 | ||
| 009 | 20260310085731.456 | ||
| 020 | |a 84-7702-063-9 | ||
| 037 | |a Acervo ITESO - Biblioteca | ||
| 041 | |a ESP | ||
| 082 | |a 813. |b LAF | ||
| 100 | |a Lafferty, R.A. |e (autor) | ||
| 245 | 1 | 0 | |a Okla Hannali : sobre el exterminio de las Naciones Indias / |c R. A. Lafferty; tr. de Elías Sarhan. |
| 264 | 1 | |a Madrid, España : |b Valdemar, |c 1992 | |
| 300 | |a 210 p. | ||
| 336 | |a texto |b txt |2 rdacontenido | ||
| 337 | |a sin mediación |b n |2 rdamedio | ||
| 338 | |a volumen |b nc |2 rdasoporte | ||
| 440 | 1 | |a (Avatares ; |v 5) | |
| 500 | |a Traducción de: Okla Hannali | ||
| 520 | |a R. A. Lafferty es un connotado escritor de ciencia ficción, ganador del premio Hugo en 1973. También desarrolla el género de la novela histórica, al que pertenece la presente obra. En ella se narra la vida y el viaje épico de Hannali Innominee, jefe Choctaw y las tribulaciones de su nación durante el siglo XIX. | ||
| 649 | |a XX | ||
| 650 | |a Literatura Norteamericana | ||
| 650 | |a Novela Norteamericana | ||
| 650 | |a Literatura Norteamericana - |y Siglo XX | ||
| 910 | |a Fondo General | ||
| 920 | |a Impresos - Libros | ||
| 930 | |a Colección General | ||
| 940 | |a Literatura | ||
| 905 | |a 101 | ||
| 901 | |a 0422850100 |b IT1 |c LIT |i 042285 |u 20250521 | ||
| 902 | |a https://opac.biblio.iteso.mx/vufind/Record/000042285 | ||